[Event "Titled Tuesday intern op 23rd Apr Late"]
[Site "Chess.com INT"]
[Date "2024.04.23"]
[Round "4"]
[White "Aditya, Varun Gampa"]
[Black "Timmermans, Mark"]
[Result "0-1"]
[WhiteElo "2325"]
[BlackElo "2398"]
[PlyCount "118"]
[EventDate "2024.04.23"]
[EventType "swiss (blitz)"]
[EventRounds "11"]
[EventCountry "USA"]
[SourceTitle "CB18_2024"]
[SourceDate "2024.05.01"]
[SourceVersion "1"]
[SourceVersionDate "2024.05.01"]
[SourceQuality "2"]

1. e4 e5 2. Nc3 Nf6 3. Bc4 Nxe4 4. Qh5 Nd6 5. Bb3 Be7 6. Qxe5 0-0 7. Nf3 Nc6 8. Qg3 Nf5 9. Qf4 d6 10. 0-0 Be6 11. d4 d5 12. Qd2 Bf6 13. Ne2 Nd6 14. Nf4 Ne4 15. Qd1 Bg4 16. Bxd5 Ng5 17. c3 Ne7 18. Bxb7 Rb8 19. h3 Bf5 20. Ba6 Qd7 21. Nxg5 Bxg5 22. Bd3 Bxf4 23. Bxf4 Rxb2 24. Bc4 Nd5 25. Qf3 Nxf4 26. Qxf4 Be6 27. Bxe6 fxe6 28. Qe3 Qc6 29. Rae1 Rf6 30. Re2 Rxe2 31. Qxe2 Qxc3 32. Qe5 h6 33. Rb1 Qc2 34. Rf1 Qxa2 35. Qxc7 a5 36. Qb8+ Kh7 37. Qb1+ Qxb1 38. Rxb1 Rf8 39. Ra1 Ra8 40. Kf1 Kg6 41. Ke2 Kf5 42. Kd3 a4 43. Kc3 Ke4 44. Re1+ Kd5 45. Re5+ Kd6 46. Kb2 Rf8 47. f3 Rf4 48. Re4 Rxe4 49. fxe4 Kc6 50. Ka3 Kb5 51. g3 Kc4 52. d5 exd5 53. e5 Kc5 54. e6 Kd6 55. Kxa4 Kxe6 56. Kb4 Ke5 57. Kc3 d4+ 58. Kd3 Kd5 59. h4 h5 0-1

[Event "Titled Tuesday intern op 23rd Apr Late"]
[Site "Chess.com INT"]
[Date "2024.04.23"]
[Round "3"]
[White "Timmermans, Mark"]
[Black "Sargsyan, Shant"]
[Result "0-1"]
[WhiteElo "2398"]
[BlackElo "2637"]
[PlyCount "90"]
[EventDate "2024.04.23"]
[EventType "swiss (blitz)"]
[EventRounds "11"]
[EventCountry "USA"]
[SourceTitle "CB18_2024"]
[SourceDate "2024.05.01"]
[SourceVersion "1"]
[SourceVersionDate "2024.05.01"]
[SourceQuality "2"]

1. b4 g6 2. Bb2 Nf6 3. b5 Bg7 4. c4 0-0 5. e3 a6 6. a4 axb5 7. axb5 Rxa1 8. Bxa1 c6 9. Nf3 d6 10. Be2 e5 11. 0-0 Re8 12. d4 e4 13. Nfd2 d5 14. Nc3 h5 15. Qb3 Be6 16. Bb2 h4 17. Ba3 Nbd7 18. bxc6 bxc6 19. cxd5 cxd5 20. Nb5 Bf8 21. h3 Qb6 22. Bxf8 Nxf8 23. Qa3 N8h7 24. Rb1 Qc6 25. Rc1 Qb6 26. Rb1 Qc6 27. Rc1 Qa8 28. Qxa8 Rxa8 29. Nb3 Ng5 30. Nc5 Ra2 31. Nxe6 Nxe6 32. Bf1 Kg7 33. Rc6 g5 34. Nd6 Kg6 35. Nc8 g4 36. Ne7+ Kg5 37. hxg4 Kxg4 38. Rd6 Ra5 39. Be2+ Kg5 40. f3 exf3 41. Bxf3 Nc7 42. Rc6 Ra7 43. Rc5 Ne6 44. Rb5 Rxe7 45. Bxd5 Nc7 0-1

[Event "Titled Tuesday intern op 27th Feb Late"]
[Site "Chess.com INT"]
[Date "2024.02.27"]
[Round "4"]
[White "Timmermans, Mark"]
[Black "Makaraci, Tunahan"]
[Result "1/2-1/2"]
[WhiteElo "2394"]
[BlackElo "2238"]
[PlyCount "184"]
[EventDate "2024.02.27"]
[EventType "swiss (blitz)"]
[EventRounds "11"]
[EventCountry "USA"]
[SourceTitle "CB10_2024"]
[SourceDate "2024.03.06"]
[SourceVersion "1"]
[SourceVersionDate "2024.03.06"]
[SourceQuality "1"]

1. b4 Nf6 2. Bb2 b6 3. b5 a6 4. a4 axb5 5. axb5 Rxa1 6. Bxa1 Bb7 7. c4 g6 8. e3 Bg7 9. Nf3 0-0 10. Be2 d5 11. 0-0 Nbd7 12. d4 e6 13. Nbd2 c5 14. bxc6 Bxc6 15. Qb3 dxc4 16. Bxc4 Qc7 17. Bb2 Bd5 18. Rc1 Bxc4 19. Nxc4 Rc8 20. h3 Qb8 21. Ba3 b5 22. Nce5 Rxc1+ 23. Bxc1 Nxe5 24. Nxe5 Nd5 25. Nd3 h5 26. Bd2 Bf8 27. e4 Nf6 28. f3 Bg7 29. Qb4 Ne8 30. Bc3 Qd6 31. Kf2 Qxb4 32. Nxb4 Nd6 33. Ke3 Kf8 34. Kd3 Ke8 35. Nc2 Kd7 36. Bb4 Nc4 37. Bc5 Bf6 38. Kc3 Bd8 39. Kb4 Kc6 40. d5+ exd5 41. Nd4+ Kd7 42. exd5 Ne3 43. Kxb5 Nxd5 44. Ne2 Bf6 45. Kc4 Ke6 46. Kd3 Be5 47. g3 f5 48. Bf2 Kf6 49. f4 Bc7 50. Ng1 Ke6 51. Nf3 Nb4+ 52. Ke2 Nc6 53. Be1 Kd5 54. Nh4 Ne7 55. Bb4 Bd6 56. Bc3 Ke6 57. Nf3 Nd5 58. Ng5+ Ke7 59. Bd4 h4 60. Kf3 hxg3 61. Be5 Bxe5 62. fxe5 g2 63. Kxg2 Ne3+ 64. Kf3 Nc4 65. Kf4 Nb6 66. Nf3 Nd5+ 67. Kg5 Ke6 68. h4 Ne7 69. Kf4 Nd5+ 70. Kg5 Ne7 71. Kh6 Kd5 72. Kg7 Ke4 73. Kf7 Nd5 74. Ng5+ Kxe5 75. Kxg6 Nf4+ 76. Kg7 Kd6 77. Kf6 Kd7 78. Kxf5 Nh5 79. Kg6 Ng3 80. Kf7 Nh5 81. Ne6 Ng3 82. Ng7 Kd6 83. Kf6 Kd5 84. Kg5 Ke5 85. Kg4 Ne4 86. Ne8 Nf6+ 87. Nxf6 Kxf6 88. Kh5 Kg7 89. Kg5 Kh8 90. h5 Kg8 91. h6 Kh8 92. h7 Kxh7 1/2-1/2

[Event "Titled Tuesday intern op 13th Feb Late"]
[Site "Chess.com INT"]
[Date "2024.02.13"]
[Round "1"]
[White "Blanco Diez, David"]
[Black "Timmermans, Mark"]
[Result "0-1"]
[WhiteElo "2308"]
[BlackElo "2394"]
[PlyCount "56"]
[EventDate "2024.02.13"]
[EventType "swiss (blitz)"]
[EventRounds "11"]
[EventCountry "USA"]
[SourceTitle "CB08_2024"]
[SourceDate "2024.02.21"]
[SourceVersion "1"]
[SourceVersionDate "2024.02.21"]
[SourceQuality "1"]

1. Nf3 Nf6 2. b3 e6 3. Bb2 d5 4. e3 Be7 5. c4 0-0 6. Nc3 b6 7. d4 Bb7 8. Bd3 Nbd7 9. 0-0 Ne4 10. Bxe4 dxe4 11. Nd2 f5 12. a3 c5 13. d5 exd5 14. Nxd5 Bxd5 15. cxd5 Bf6 16. Nc4 b5 17. Bxf6 Nxf6 18. Ne5 Qd6 19. Nc6 Rf7 20. a4 b4 21. Rc1 Nxd5 22. Na5 Rd8 23. Nc4 Qe7 24. Qc2 Nc3 25. h3 Qe6 26. Nd2 Ne2+ 27. Kh2 Nxc1 28. Rxc1 Qd6+ 0-1

[Event "Titled Tuesday intern op 13th Feb Late"]
[Site "Chess.com INT"]
[Date "2024.02.13"]
[Round "10"]
[White "Marczuk, Dominik"]
[Black "Timmermans, Mark"]
[Result "0-1"]
[WhiteElo "2283"]
[BlackElo "2394"]
[PlyCount "82"]
[EventDate "2024.02.13"]
[EventType "swiss (blitz)"]
[EventRounds "11"]
[EventCountry "USA"]
[SourceTitle "CB08_2024"]
[SourceDate "2024.02.21"]
[SourceVersion "1"]
[SourceVersionDate "2024.02.21"]
[SourceQuality "1"]

1. c4 Nf6 2. Nc3 e5 3. g3 d5 4. cxd5 Nxd5 5. Bg2 Nb6 6. Nf3 Nc6 7. 0-0 Be7 8. d3 0-0 9. Be3 f5 10. Rc1 Bf6 11. a3 Nd4 12. Na4 c6 13. Nxd4 exd4 14. Bf4 Nd5 15. Bd2 Re8 16. Re1 h6 17. Qb3 Kh7 18. Bxd5 cxd5 19. Qc2 b6 20. Qc7 Bd7 21. Qxd8 Rexd8 22. b3 Rdc8 23. Rxc8 Rxc8 24. Rc1 Rxc1+ 25. Bxc1 Be7 26. Bb2 b5 27. Bxd4 bxa4 28. bxa4 a6 29. a5 Bxa3 30. h4 Bb4 31. Bb6 g5 32. hxg5 hxg5 33. Kg2 Bc6 34. f3 Kg6 35. Kf2 Bd2 36. e3 Bb5 37. Ke2 Bb4 38. g4 fxg4 39. fxg4 Kf7 40. Bd8 Ke6 41. Bb6 Kd7 0-1

[Event "Titled Tuesday intern op 13th Feb Late"]
[Site "Chess.com INT"]
[Date "2024.02.13"]
[Round "4"]
[White "Pichot, Alan"]
[Black "Timmermans, Mark"]
[Result "1-0"]
[WhiteElo "2644"]
[BlackElo "2394"]
[PlyCount "109"]
[EventDate "2024.02.13"]
[EventType "swiss (blitz)"]
[EventRounds "11"]
[EventCountry "USA"]
[SourceTitle "CB08_2024"]
[SourceDate "2024.02.21"]
[SourceVersion "1"]
[SourceVersionDate "2024.02.21"]
[SourceQuality "1"]

1. e4 e5 2. Nf3 Nc6 3. Bc4 Nf6 4. d3 Be7 5. 0-0 0-0 6. Re1 d6 7. a4 Kh8 8. a5 a6 9. h3 Ng8 10. Nc3 f5 11. Nd5 Bf6 12. c3 Nce7 13. Nxf6 Nxf6 14. exf5 Bxf5 15. d4 e4 16. Nh2 d5 17. Bb3 Qd6 18. Nf1 Rae8 19. Ng3 Be6 20. Bg5 Nf5 21. Qd2 Nxg3 22. Bf4 e3 23. Qxe3 Ne2+ 24. Rxe2 Qd7 25. Be5 Bf5 26. f3 Re7 27. Rae1 Rfe8 28. Qg5 Bg6 29. Ba2 c6 30. b4 Re6 31. g4 Qf7 32. Re3 Nd7 33. Bg3 h6 34. Qf4 Qxf4 35. Bxf4 Rxe3 36. Rxe3 Rf8 37. Bd6 Rf6 38. Bg3 Kg8 39. Kf2 Kf7 40. Bc7 Re6 41. Rxe6 Kxe6 42. Bb3 Bb1 43. Ke3 g6 44. h4 h5 45. Bd1 Nf6 46. Bd8 hxg4 47. Bxf6 Kxf6 48. fxg4 g5 49. h5 Bh7 50. Be2 Bb1 51. Bd3 Bxd3 52. Kxd3 Kg7 53. c4 Kf6 54. cxd5 cxd5 55. b5 1-0

[Event "Titled Tuesday intern op 13th Feb Late"]
[Site "Chess.com INT"]
[Date "2024.02.13"]
[Round "3"]
[White "Timmermans, Mark"]
[Black "Melkumyan, Hrant"]
[Result "1-0"]
[WhiteElo "2394"]
[BlackElo "2640"]
[PlyCount "107"]
[EventDate "2024.02.13"]
[EventType "swiss (blitz)"]
[EventRounds "11"]
[EventCountry "USA"]
[SourceTitle "CB08_2024"]
[SourceDate "2024.02.21"]
[SourceVersion "1"]
[SourceVersionDate "2024.02.21"]
[SourceQuality "1"]

1. b4 d5 2. Bb2 Nf6 3. e3 Bg4 4. Nf3 e6 5. b5 Be7 6. a4 0-0 7. c4 Nbd7 8. Be2 Bd6 9. 0-0 Qe7 10. d4 c6 11. Nbd2 Ne4 12. h3 Bh5 13. Nxe4 dxe4 14. Nd2 Bg6 15. bxc6 bxc6 16. c5 Bc7 17. Nc4 Rab8 18. f3 Nf6 19. f4 Nd5 20. Qd2 Rb3 21. Ra3 Rb4 22. Bc3 Rb7 23. Ba5 Rfb8 24. Bxc7 Qxc7 25. Qa5 Qxa5 26. Nxa5 Rc7 27. Bc4 h5 28. f5 Bxf5 29. Nxc6 Rxc6 30. Bxd5 Rc7 31. Rb3 Rxb3 32. Bxb3 h4 33. Rb1 Kf8 34. Bc4 Ke7 35. Kf2 e5 36. Bd5 Bd7 37. a5 f5 38. a6 exd4 39. exd4 f4 40. Bxe4 Bc8 41. Bb7 Bf5 42. Re1+ Kf6 43. Rc1 Ke6 44. d5+ Ke5 45. d6 Rf7 46. Rd1 Be6 47. c6 Bd7 48. cxd7 Rxd7 49. Kf3 g5 50. Kg4 f3 51. Kxf3 Rf7+ 52. Kg4 Rf4+ 53. Kxg5 Rf2 54. d7 1-0

[Event "Titled Tuesday intern op 13th Feb Late"]
[Site "Chess.com INT"]
[Date "2024.02.13"]
[Round "9"]
[White "Timmermans, Mark"]
[Black "Rustemov, Alexander"]
[Result "0-1"]
[WhiteElo "2394"]
[BlackElo "2525"]
[PlyCount "122"]
[EventDate "2024.02.13"]
[EventType "swiss (blitz)"]
[EventRounds "11"]
[EventCountry "USA"]
[SourceTitle "CB08_2024"]
[SourceDate "2024.02.21"]
[SourceVersion "1"]
[SourceVersionDate "2024.02.21"]
[SourceQuality "1"]

1. b4 e5 2. Bb2 Bxb4 3. Bxe5 Nf6 4. Nc3 0-0 5. Bxf6 Qxf6 6. Nd5 Qd6 7. c4 Ba5 8. e3 c6 9. Nf4 Qe7 10. Be2 Bc7 11. Nh5 d6 12. Nf3 Nd7 13. 0-0 g6 14. Ng3 Nf6 15. d4 Bd7 16. Rb1 Rab8 17. Qa4 a6 18. Qc2 c5 19. Rfd1 Rfe8 20. h3 h5 21. Bd3 Kg7 22. Nh4 d5 23. Bxg6 Bxg3 24. fxg3 Qxe3+ 25. Kh2 Qg5 26. Bf5 Bc6 27. dxc5 Re3 28. Qf2 Rbe8 29. Bd3 Kf8 30. Nf5 R3e5 31. Nd4 Ne4 32. Bxe4 dxe4 33. Rf1 R8e7 34. Rb6 e3 35. Qe1 e2 36. Rf2 Qe3 37. Nxe2 Qxf2 38. Qxf2 Rxe2 39. Qf1 Rxa2 40. Rxc6 bxc6 41. Qf6 Ree2 42. Qd8+ Kg7 43. Qg5+ Kf8 44. Qd8+ Re8 45. Qd6+ Kg8 46. Qxc6 Ree2 47. Qd5 Kf8 48. c6 Rxg2+ 49. Qxg2 Rxg2+ 50. Kxg2 Ke7 51. g4 h4 52. Kf3 a5 53. Ke4 Kd6 54. Kd4 Kxc6 55. c5 a4 56. Kc4 a3 57. Kb3 Kxc5 58. Kxa3 Kd4 59. Kb3 Ke3 60. g5 Kf3 61. g6 fxg6 0-1

[Event "NED-ch Blitz Final"]
[Site "Rotterdam"]
[Date "2023.09.09"]
[Round "5"]
[White "Admiraal, Miguoel"]
[Black "Timmermans, Mark"]
[Result "0-1"]
[WhiteElo "2481"]
[BlackElo "2392"]
[PlyCount "100"]
[EventDate "2023.09.09"]
[EventType "tourn (blitz)"]
[EventRounds "11"]
[EventCountry "NED"]
[EventCategory "9"]
[SourceTitle "EXT 2024"]
[Source "ChessBase"]
[SourceDate "2023.10.10"]
[SourceVersion "1"]
[SourceVersionDate "2023.10.10"]
[SourceQuality "1"]

1. d4 Nf6 2. Bg5 Ne4 3. Bf4 c5 4. f3 Qa5+ 5. c3 Nf6 6. d5 e6 7. e4 exd5 8. exd5 d6 9. Na3 Be7 10. Nc4 Qc7 11. a4 b6 12. g4 0-0 13. Kf2 a6 14. h4 Nbd7 15. h5 Bb7 16. Ne3 Ne5 17. g5 Nfd7 18. Kg2 Rae8 19. c4 Qd8 20. Nh3 f6 21. g6 hxg6 22. hxg6 Nxg6 23. Bd3 Nde5 24. Bxe5 Nxe5 25. Nf4 Bc8 26. Ng6 f5 27. Rh8+ Kf7 28. Nxf8 Rxf8 29. Rxf8+ Bxf8 30. f4 Ng6 31. Qh5 Qf6 32. Re1 Kg8 33. Qg5 Qxg5+ 34. fxg5 Nf4+ 35. Kg1 Nxd3 36. Rf1 g6 37. b3 Be7 38. a5 bxa5 39. Ra1 Bxg5 40. Nf1 Bd8 41. Nd2 Kf7 42. Nf3 g5 43. Kg2 g4 44. Nd2 Kf6 45. Rh1 Nf4+ 46. Kg3 Ng6 47. Rh7 Ke5 48. Rg7 Bh4+ 49. Kh2 Kf6 50. Rc7 Ne7 0-1

[Event "NED-ch Blitz Final"]
[Site "Rotterdam"]
[Date "2023.09.09"]
[Round "6"]
[White "Timmermans, Mark"]
[Black "Lai, Hing Ting"]
[Result "0-1"]
[WhiteElo "2392"]
[BlackElo "2463"]
[PlyCount "110"]
[EventDate "2023.09.09"]
[EventType "tourn (blitz)"]
[EventRounds "11"]
[EventCountry "NED"]
[EventCategory "9"]
[SourceTitle "EXT 2024"]
[Source "ChessBase"]
[SourceDate "2023.10.10"]
[SourceVersion "1"]
[SourceVersionDate "2023.10.10"]
[SourceQuality "1"]

1. b4 e5 2. Bb2 Bxb4 3. Bxe5 Nf6 4. e3 0-0 5. a3 Ba5 6. c4 Nc6 7. Bb2 Re8 8. Nf3 d6 9. Be2 Ne5 10. 0-0 Ng6 11. Nc3 c6 12. d4 d5 13. Qb3 Be6 14. cxd5 Nxd5 15. Nxd5 Bxd5 16. Qc2 Bc7 17. a4 Qf6 18. Rab1 Be4 19. Qb3 Bxb1 20. Rxb1 Qe7 21. Ba3 Qd7 22. Bc4 h6 23. Rd1 Nf8 24. d5 Rad8 25. Rd2 Ba5 26. dxc6 Qc7 27. Rxd8 Rxd8 28. Qxb7 Rd1+ 29. Bf1 Qxb7 30. cxb7 Rb1 31. Nd4 Rxb7 32. Bb5 Rc7 33. g4 Bb6 34. Nc6 a6 35. Ne7+ Rxe7 36. Bxe7 axb5 37. axb5 Ne6 38. Kg2 f6 39. h4 Kf7 40. Ba3 Nc7 41. Bc1 Nxb5 42. f4 Ke6 43. Kf3 Kd5 44. Bb2 Nd6 45. g5 Ne4 46. gxh6 gxh6 47. h5 Bd8 48. Kg4 Ke6 49. f5+ Kd5 50. Kf3 Ng5+ 51. Kf4 Bc7+ 52. Kg4 Be5 53. Ba3 Ke4 54. Bc5 Nf7 55. Bb4 Nd6 0-1

[Event "NED-ch Blitz Final"]
[Site "Rotterdam"]
[Date "2023.09.09"]
[Round "8"]
[White "Timmermans, Mark"]
[Black "Schoppen, Casper"]
[Result "0-1"]
[WhiteElo "2392"]
[BlackElo "2522"]
[PlyCount "122"]
[EventDate "2023.09.09"]
[EventType "tourn (blitz)"]
[EventRounds "11"]
[EventCountry "NED"]
[EventCategory "9"]
[SourceTitle "EXT 2024"]
[Source "ChessBase"]
[SourceDate "2023.10.10"]
[SourceVersion "1"]
[SourceVersionDate "2023.10.10"]
[SourceQuality "1"]

1. b4 a5 2. b5 b6 3. Bb2 Bb7 4. e3 e6 5. a4 Nf6 6. c4 d5 7. Nf3 Nbd7 8. Be2 Bd6 9. 0-0 0-0 10. d4 dxc4 11. Bxc4 Qe7 12. Nbd2 e5 13. dxe5 Nxe5 14. Be2 Rad8 15. Bd4 h6 16. h3 Rfe8 17. Qc2 Nfd7 18. Qb2 Nc5 19. Rfd1 Bxf3 20. Nxf3 Nxf3+ 21. Bxf3 Ne6 22. Bc3 Bc5 23. Bc6 Rxd1+ 24. Rxd1 Rd8 25. Rd2 Rxd2 26. Qxd2 Bb4 27. Qd3 Bxc3 28. Qxc3 Nc5 29. Qd4 Qd6 30. Bd5 Qf6 31. Qc4 Qa1+ 32. Kh2 Qe5+ 33. Kg1 Qf6 34. e4 g6 35. g3 Kg7 36. Kg2 h5 37. Qc2 Qd4 38. g4 hxg4 39. hxg4 Kf8 40. Qc1 Nxe4 41. Qh6+ Ke7 42. Bxe4 Qxe4+ 43. f3 Qxa4 44. Qg5+ Ke6 45. Qe3+ Kd5 46. Qe7 Qf4 47. Qd7+ Kc5 48. Qc6+ Kb4 49. Kf2 a4 50. Qe8 Qd2+ 51. Kg3 Qd6+ 52. f4 g5 53. Qe4+ Ka5 54. Qa8+ Kxb5 55. Qe8+ Kb4 56. Qe1+ Kb3 57. Qb1+ Kc4 58. Qc2+ Kb5 59. Qe2+ Ka5 60. Qe1+ Ka6 61. Qe2+ Ka7 0-1

[Event "Titled Tuesday intern op 05th Sep Late"]
[Site "Chess.com INT"]
[Date "2023.09.05"]
[Round "4"]
[White "Eke, Salih"]
[Black "Timmermans, Mark"]
[Result "0-1"]
[WhiteElo "2167"]
[BlackElo "2392"]
[PlyCount "148"]
[EventDate "2023.09.05"]
[EventType "swiss (blitz)"]
[EventRounds "11"]
[EventCountry "USA"]
[SourceTitle "EXT 2024"]
[Source "ChessBase"]
[SourceDate "2023.10.10"]
[SourceVersion "1"]
[SourceVersionDate "2023.10.10"]
[SourceQuality "1"]

1. d4 Nf6 2. c3 e6 3. Nf3 d5 4. Nbd2 Be7 5. g3 0-0 6. Bg2 b6 7. 0-0 Bb7 8. b3 Nbd7 9. Bb2 c5 10. Rc1 cxd4 11. cxd4 Rc8 12. a3 a5 13. Ne5 Nxe5 14. dxe5 Nd7 15. e4 Ba6 16. Re1 Nc5 17. exd5 exd5 18. Bd4 Nd3 19. Rxc8 Qxc8 20. Re3 Bxa3 21. Bf1 Bb4 22. Bxd3 Bxd3 23. Rxd3 b5 24. Be3 Qf5 25. Rxd5 Rc8 26. Qf3 Qh3 27. Qg2 Qf5 28. Nf1 h6 29. Rxb5 Qd3 30. Qd5 Qe2 31. Rb7 Rf8 32. e6 fxe6 33. Qxe6+ Kh8 34. Qg6 Bc3 35. Rd7 Qb2 36. Qd3 Bf6 37. Rd5 Ra8 38. h4 Qa2 39. h5 Re8 40. Rd7 a4 41. bxa4 Qxa4 42. Bd4 Qxd7 43. Qg6 Qxd4 44. Qxe8+ Kh7 45. Qg6+ Kg8 46. Qe8+ Kh7 47. Qe2 Kh8 48. Kg2 Qd5+ 49. f3 Qf7 50. g4 g6 51. hxg6 Qxg6 52. Ng3 Kh7 53. Nh5 Bh8 54. Qe7+ Kg8 55. Qd8+ Kh7 56. Qd7+ Kg8 57. Qd2 Be5 58. Qe2 Qd6 59. Kh3 Kf7 60. Qe4 Kg8 61. Qf5 Qd4 62. Qe6+ Kf8 63. Qxh6+ Ke7 64. Qh7+ Ke6 65. Qf5+ Kd6 66. Qg6+ Kc7 67. Qf7+ Kd6 68. g5 Qg1 69. Qg6+ Kd5 70. Qe4+ Kd6 71. Qg6+ Kc7 72. Qf7+ Kc6 73. Qe6+ Bd6 74. Nf6 Qg3# 0-1

[Event "Titled Tuesday intern op 05th Sep Late"]
[Site "Chess.com INT"]
[Date "2023.09.05"]
[Round "1"]
[White "Timmermans, Mark"]
[Black "Melikhov, Evgeny V"]
[Result "1-0"]
[WhiteElo "2392"]
[BlackElo "2208"]
[PlyCount "111"]
[EventDate "2023.09.05"]
[EventType "swiss (blitz)"]
[EventRounds "11"]
[EventCountry "USA"]
[SourceTitle "EXT 2024"]
[Source "ChessBase"]
[SourceDate "2023.10.10"]
[SourceVersion "1"]
[SourceVersionDate "2023.10.10"]
[SourceQuality "1"]

1. b4 d5 2. Bb2 Bg4 3. Nf3 Bxf3 4. exf3 Nd7 5. c4 c6 6. Be2 e6 7. 0-0 Ndf6 8. b5 Bd6 9. a4 Ne7 10. d4 dxc4 11. Nd2 0-0 12. Nxc4 Bc7 13. Ne5 Nfd5 14. bxc6 Bxe5 15. dxe5 Nxc6 16. g3 Nde7 17. f4 Nf5 18. Ba3 Qxd1 19. Raxd1 Rfd8 20. Bf3 a6 21. Be4 g6 22. Rb1 Rd4 23. Rfe1 Rxa4 24. Bc5 Rxe4 25. Rxe4 b5 26. Re2 Nfe7 27. Ra2 a5 28. Rxb5 Nd5 29. Ra3 h5 30. Kg2 h4 31. Kh3 hxg3 32. hxg3 Kg7 33. Bd6 Rh8+ 34. Kg2 Rc8 35. Rc5 Ndb4 36. Raxa5 Nxa5 37. Rxc8 Nd5 38. Bf8+ Kh7 39. Rb8 Nc4 40. Rb7 Kg8 41. Bh6 Na5 42. Rd7 Nc4 43. Bg5 Ncb6 44. Rb7 Nc4 45. Bf6 Nxf6 46. exf6 Na5 47. Rc7 Nb3 48. g4 Nd4 49. Rc8+ Kh7 50. Rf8 Ne2 51. Rxf7+ Kg8 52. Rg7+ Kh8 53. Kf3 Nd4+ 54. Ke4 e5 55. Rxg6 Ne2 56. f7 1-0

[Event "Titled Tuesday intern op 05th Sep Late"]
[Site "Chess.com INT"]
[Date "2023.09.05"]
[Round "11"]
[White "Timmermans, Mark"]
[Black "Musovic, Armin"]
[Result "0-1"]
[WhiteElo "2392"]
[BlackElo "2266"]
[PlyCount "42"]
[EventDate "2023.09.05"]
[EventType "swiss (blitz)"]
[EventRounds "11"]
[EventCountry "USA"]
[SourceTitle "EXT 2024"]
[Source "ChessBase"]
[SourceDate "2023.10.10"]
[SourceVersion "1"]
[SourceVersionDate "2023.10.10"]
[SourceQuality "1"]

1. e4 c6 2. d4 d5 3. e5 c5 4. dxc5 Nc6 5. a3 e6 6. b4 a5 7. Bb2 axb4 8. axb4 Rxa1 9. Bxa1 Nxb4 10. Bd4 Nc6 11. c3 Qa5 12. Nd2 Bxc5 13. Nb3 Bxd4 14. Nxa5 Bxc3+ 15. Ke2 Bxa5 16. f4 Nge7 17. Nf3 0-0 18. g4 Bc3 19. Kf2 d4 20. Kg3 Nd5 21. Bd3 f5 0-1

[Event "Titled Tuesday intern op 05th Sep Late"]
[Site "Chess.com INT"]
[Date "2023.09.05"]
[Round "3"]
[White "Timmermans, Mark"]
[Black "Rasulov, Vugar Ural Oglu"]
[Result "0-1"]
[WhiteElo "2392"]
[BlackElo "2538"]
[PlyCount "40"]
[EventDate "2023.09.05"]
[EventType "swiss (blitz)"]
[EventRounds "11"]
[EventCountry "USA"]
[SourceTitle "EXT 2024"]
[Source "ChessBase"]
[SourceDate "2023.10.10"]
[SourceVersion "1"]
[SourceVersionDate "2023.10.10"]
[SourceQuality "1"]

1. b4 Nf6 2. Bb2 g6 3. b5 Bg7 4. c4 0-0 5. a4 d6 6. e3 e5 7. Nf3 e4 8. Nd4 c5 9. Nc2 Nbd7 10. Be2 Re8 11. 0-0 Ne5 12. d4 exd3 13. Bxd3 Nxd3 14. Qxd3 Bf5 15. Qd1 d5 16. Nba3 dxc4 17. Nxc4 Qxd1 18. Rfxd1 Bxc2 19. Rdc1 Bd3 20. Nd6 Ne4 0-1

[Event "Titled Tuesday intern op 29th Aug Late"]
[Site "Chess.com INT"]
[Date "2023.08.29"]
[Round "8"]
[White "Timmermans, Mark"]
[Black "Tabuenca Mendataurigoitia, Daniel"]
[Result "1-0"]
[WhiteElo "2392"]
[BlackElo "2359"]
[PlyCount "109"]
[EventDate "2023.08.29"]
[EventType "swiss (blitz)"]
[EventRounds "11"]
[EventCountry "USA"]
[SourceTitle "EXT 2024"]
[Source "ChessBase"]
[SourceDate "2023.10.10"]
[SourceVersion "1"]
[SourceVersionDate "2023.10.10"]
[SourceQuality "1"]

1. e4 Nc6 2. Nf3 d6 3. d4 Nf6 4. Nc3 g6 5. h3 Bg7 6. Be3 a6 7. Qd2 b5 8. a3 0-0 9. Bh6 e5 10. Bxg7 Kxg7 11. 0-0-0 exd4 12. Nxd4 Nxd4 13. Qxd4 Bb7 14. f3 Kg8 15. g4 Nd7 16. h4 Qf6 17. Qxf6 Nxf6 18. h5 g5 19. h6 Nd7 20. Ne2 Ne5 21. Bg2 Ng6 22. Ng3 f6 23. Nf5 Kf7 24. Bf1 Nf4 25. c4 Rab8 26. cxb5 axb5 27. Rh2 Bc8 28. Rc2 Rb7 29. Nd4 Bd7 30. Kb1 Kg6 31. Rdc1 c5 32. Ne2 Nxe2 33. Bxe2 Kxh6 34. Rd2 Rb6 35. Rcd1 Be8 36. Rxd6 Rxd6 37. Rxd6 Kg7 38. Rb6 c4 39. Rb8 h5 40. gxh5 Bxh5 41. Rxb5 Rd8 42. Kc2 Rc8 43. a4 Rd8 44. a5 Kh6 45. a6 Be8 46. Ra5 Ra8 47. Bxc4 Bc6 48. a7 Bb7 49. Kd3 Bc6 50. Bd5 Bxd5 51. exd5 Kg6 52. b4 Kf7 53. b5 Ke7 54. b6 Kd7 55. b7 1-0

[Event "Titled Tuesday intern op 22nd Aug Early"]
[Site "Chess.com INT"]
[Date "2023.08.22"]
[Round "3"]
[White "Sanduleac, Vasile"]
[Black "Timmermans, Mark"]
[Result "1-0"]
[WhiteElo "2368"]
[BlackElo "2392"]
[PlyCount "215"]
[EventDate "2023.08.22"]
[EventType "swiss (blitz)"]
[EventRounds "11"]
[EventCountry "USA"]
[SourceTitle "EXT 2024"]
[Source "ChessBase"]
[SourceDate "2023.10.10"]
[SourceVersion "1"]
[SourceVersionDate "2023.10.10"]
[SourceQuality "1"]

1. e4 e5 2. Nf3 Nc6 3. Bc4 Nf6 4. d3 Be7 5. c3 0-0 6. Nbd2 d5 7. Bb3 Bg4 8. h3 Bh5 9. Qe2 dxe4 10. dxe4 Nd7 11. Nf1 Nc5 12. Bc2 Bg6 13. Ng3 Ne6 14. Nf5 Nf4 15. Bxf4 exf4 16. 0-0 Re8 17. Rfd1 Qc8 18. Qd2 Bxf5 19. exf5 Bd6 20. Re1 Qd7 21. Qd5 Rab8 22. Bb3 Rf8 23. Rad1 Ne7 24. Qd4 Qxf5 25. Qxa7 Nc6 26. Qa4 Ra8 27. Qe4 Qh5 28. a3 h6 29. Bd5 Rab8 30. b4 Ra8 31. Ra1 Ne7 32. Bxb7 Ra7 33. Bc6 Kh8 34. Qd4 Nxc6 35. Qc4 Ne7 36. a4 Qd5 37. Qe2 Rfa8 38. a5 Ng6 39. Rad1 Qc6 40. Qd3 Rd8 41. Nd4 Qd5 42. Nb5 Qxd3 43. Rxd3 Raa8 44. Red1 Ne5 45. Rd4 Nc6 46. R4d3 Be5 47. Rxd8+ Nxd8 48. Rd5 f6 49. Rd7 Kg8 50. Nxc7 Rc8 51. Nd5 Kf8 52. a6 Nc6 53. b5 Na5 54. b6 f3 55. gxf3 Ra8 56. b7 Rxa6 57. Rd8+ Kf7 58. b8Q Bxb8 59. Rxb8 Rd6 60. Rb5 Nc4 61. Ne3 Rd3 62. Nxc4 Rxc3 63. Ne3 Rd3 64. Kg2 h5 65. Rb7+ Kg8 66. h4 g6 67. Nc4 Rd4 68. Ne3 Rxh4 69. Kg3 Rd4 70. f4 f5 71. Kf3 Kf8 72. Rc7 Kg8 73. Nc4 h4 74. Ne5 Rd6 75. Rc6 Rd4 76. Rxg6+ Kh7 77. Rg5 Ra4 78. Rh5+ Kg7 79. Rxh4 Kf6 80. Kg2 Re4 81. Nf3 Rc4 82. Rh6+ Kg7 83. Rh4 Kg6 84. Kg3 Kf6 85. Rh6+ Kg7 86. Rd6 Ra4 87. Rd4 Ra3 88. Rd5 Kf6 89. Re5 Ra4 90. Kg2 Rxf4 91. Re3 Ra4 92. Nd2 Rd4 93. Nf3 Rb4 94. Rc3 Ra4 95. Kh3 Rb4 96. Kg3 Rg4+ 97. Kh3 Rb4 98. Nh4 Kg5 99. Rg3+ Kf6 100. Rg6+ Ke5 101. Rc6 Rf4 102. Ng6+ Kd5 103. Nxf4+ Kxc6 104. Kh4 Kd6 105. Kg5 Ke5 106. f3 Kd4 107. Kxf5 Ke3 108. Kg4 1-0